| 000 | 00572nam a2200181Ia 4500 | ||
|---|---|---|---|
| 003 | GCL | ||
| 008 | 140319s9999 xx 000 0 ara d | ||
| 040 |
_aGCL / _cGCL |
||
| 082 | 0 | 4 |
_a320.54 _bس ح |
| 100 | 1 | _aسهير سلطى التل | |
| 245 | 1 | 0 |
_aحركة القوميين العرب وانعطافاتها الفكرية / _cسهير سلطى التل |
| 300 | _a294 ص | ||
| 490 |
_aسلسلة الثقافة القومية _v0 |
||
| 650 | 0 | 4 | _aالماركسية |
| 650 | 0 | 4 | _aالاشتراكية |
| 650 | 0 | 4 | _aالقومية العربية |
| 942 |
_2ddc _cBK |
||
| 999 |
_c48887 _d48887 |
||